The Outlaw Varjak Paw / (Record no. 492733)
[ view plain ]
| 000 -LEADER | |
|---|---|
| fixed length control field | 00816nam a22002297a 4500 |
| 003 - CONTROL NUMBER IDENTIFIER | |
| control field | OSt |
| 005 - DATE AND TIME OF LATEST TRANSACTION | |
| control field | 20260512155016.0 |
| 008 - FIXED-LENGTH DATA ELEMENTS--GENERAL INFORMATION | |
| fixed length control field | 260512b |||||||| |||| 00| 0 eng d |
| 020 ## - INTERNATIONAL STANDARD BOOK NUMBER | |
| International Standard Book Number | 9780552179379 |
| 040 ## - CATALOGING SOURCE | |
| Original cataloging agency | Kenya National Library Service |
| 082 ## - DEWEY DECIMAL CLASSIFICATION NUMBER | |
| Classification number | 823.92 SAI |
| 100 ## - MAIN ENTRY--PERSONAL NAME | |
| Personal name | Said, S. F., |
| Relator term | author. |
| 245 ## - TITLE STATEMENT | |
| Title | The Outlaw Varjak Paw / |
| Statement of responsibility, etc. | S. F. Said ; illustrated by Dave McKean. |
| 300 ## - PHYSICAL DESCRIPTION | |
| Extent | 263 pages : |
| Other physical details | illustrations ; |
| Dimensions | 19 cm. |
| 490 ## - SERIES STATEMENT | |
| Series statement | Varjak Paw ; |
| Volume/sequential designation | 2. |
| 520 ## - SUMMARY, ETC. | |
| Summary, etc. | Varjak Paw leaves the safety of his home and journeys into the city where he must learn the Way of Jalal to survive among dangerous rival cats. |
| 650 ## - SUBJECT ADDED ENTRY--TOPICAL TERM | |
| Topical term or geographic name entry element | Adventure stories. |
| 700 ## - ADDED ENTRY--PERSONAL NAME | |
| Personal name | McKean, Dave, |
| Relator term | illustrator. |
| 942 ## - ADDED ENTRY ELEMENTS (KOHA) | |
| Source of classification or shelving scheme | Dewey Decimal Classification |
| Koha item type | Books |
| Suppress in OPAC | No |
| Withdrawn status | Source of classification or shelving scheme | Damaged status | Not for loan | Collection | Home library | Current library | Date acquired | Source of acquisition | Cost, normal purchase price | Total checkouts | Full call number | Barcode | Date last seen | Price effective from | Koha item type |
|---|---|---|---|---|---|---|---|---|---|---|---|---|---|---|---|
| Dewey Decimal Classification | Junior Books | Buru Buru Library | Acquisition, Cataloguing, Classification and Distribution Development | 05/12/2026 | BAI | 999.00 | 823.92 SAI | B230640 | 05/12/2026 | 05/12/2026 | Books |
